A Kempinski Hoteliers since 1897 szállodacsoport magyarországi és németországi szállodájának összehasonlítása

Bibliographic Details
Main Author: Mladenovic Kristina
Other Authors: Gundel Dr. János
Format: Thesis
Kulcsszavak:Magyar szállodaipar
Kempinski Hotel Corvinus Budapest
Német szállodaipar
Hotel Adlon Kempinski Besrlin
Összehasonlító elemzés
Online Access:http://dolgozattar.uni-bge.hu/4247

MARC

LEADER 00000nta a2200000 i 4500
001 dolg4247
005 20160208140106.0
008 151208suuuu hu om 000 hun d
040 |a BGE Dolgozattár Repozitórium  |b hun 
041 |a hu 
100 1 |a Mladenovic Kristina 
245 1 2 |a A Kempinski Hoteliers since 1897 szállodacsoport magyarországi és németországi szállodájának összehasonlítása  |c Mladenovic Kristina  |h [elektronikus dokumentum] 
246 1 1 |a A Kempinski Hoteliers since 1897 szállodacsoport magyarországi és németországi szállodájának összehasonlítása 
695 |a Magyar szállodaipar 
695 |a Kempinski Hotel Corvinus Budapest 
695 |a Német szállodaipar 
695 |a Hotel Adlon Kempinski Besrlin 
695 |a Összehasonlító elemzés 
700 1 |a Gundel Dr. János  |e ths 
856 4 0 |u http://dolgozattar.uni-bge.hu/4247/1/TELJES%20-%20Szakdolgozat_MladenovicKristina.pdf  |z Dokumentum-elérés